00000000nam 2200000za 4500
0019.822190
003CaOODSP
00520250113134343
007cr |||||||||||
008160808s2011    onc|||||o    f|0| 0 ind d
040 |aCaOODSP|beng
043 |an-cn---
0861 |aA15-11512/2011Ind-PDF|zA15-11512/2011Id-PDF
24501|a[Canadian fish and seafood |h[electronic resource] : |bsupplying value and variety].
24613|aIkan Dan Makanan Laut Kanada : |bMenyediakan Nilai Dan Varietas
250 |a[Indonesian edition].
260 |a[Ottawa : |bAgriculture and Agri-Food Canada, |cc2011].
300 |a2 p. : |bphotographs.
500 |aEnglish title supplied by the publisher.
500 |aIssued also in English under title: Canadian fish and seafood: supplying value and variety.
500 |aIssued also in Chinese, German, Russian, and French.
520 |aWhether your customers are looking for wild or farmed, seafood or freshwater fish, crustaceans, molluscs or finfish, Canada can supply products to meet every taste and budget specification. Bounded on three sides by oceans —the Pacific, the Arctic and the Atlantic — and home to the largest freshwater lake system in the world, Canada has the variety and quality your customers will appreciate. ...
546 |aText in Indonesian.
69207|2gccst|aAgri-food industry
69207|2gccst|aFish
69207|2gccst|aSeafood
7101 |aCanada. |bAgriculture and Agri-Food Canada.
77508|tCanadian fish and seafood : |w(CaOODSP)9.695120
792 |t[Poissons et fruits de mer canadiens |efre|w(CaOODSP)9.822196
85640|qPDF|s343 KB|uhttps://publications.gc.ca/collections/collection_2016/aac-aafc/A15-11512-2011-ind.pdf
986 |aAAFC No. 11512IND